| 000 | 01417nam a22003857a 4500 | ||
|---|---|---|---|
| 003 | CHAP | ||
| 005 | 20220329141501.0 | ||
| 008 | 971013s1989 r 00010 d | ||
| 010 | _a68877 | ||
| 011 | _a69849 | ||
| 035 | _a79327 | ||
| 040 | _cCHAP | ||
| 090 | _aTesis | ||
| 100 | 0 | 0 |
_aAniano Aguirre, Herminio. _95840 |
| 245 | _aProducción de leche bajo pastoreo en una pradera asociada gramínea (Dactylis glomerata var. Potomac y leguminosa (Medicago sativa var. Valenciana) en Chapingo, Edo. de México : primera fase | ||
| 260 |
_aChapingo, Méx. : _bEl autor, _c1989 |
||
| 300 | _a120 h. gráfs. | ||
| 500 | _a32-25 | ||
| 502 | _aTesis (Ing. Agrónomo Esp. en Zootecnia) -- UACH. Departamento de Zootecnia | ||
| 590 |
_aALEPH _b10 _c20130110 _lUCH01 _h1406 |
||
| 590 |
_aBATCH-UPD _b10 _c20130110 _lUCH01 _h0516 |
||
| 590 |
_aBATCH-UPD _b10 _c20130110 _lUCH01 _h2250 |
||
| 590 |
_aBATCH-UPD _b10 _c20130410 _lUCH01 _h0154 |
||
| 590 |
_aBATCH-UPD _b10 _c20130914 _lUCH01 _h0252 |
||
| 590 |
_aCONVERSION _b10 _c20130109 _lUCH01 _h1338 |
||
| 650 | 1 | 4 |
_aAlfalfa como forraje. _93899 |
| 650 | 1 | 4 |
_aCultivos asociados. _930370 |
| 650 | 1 | 4 |
_aDactylis glomerata. _930865 |
| 650 | 1 | 4 |
_aGanado lechero _xAlimentación. _945238 |
| 650 | 1 | 4 |
_aGanado lechero _xPastoreo. _945284 |
| 901 | _aBK | ||
| 942 | _cFOLL | ||
| 949 |
_bBC _cTES _d-32214 _eTS1 _h22222 _i79327 _si |
||
| 949 |
_bBC _cTES _d-97075 _eTS2 _fc.2 _h22223 _i79327 _si |
||
| 999 |
_c68877 _d68877 |
||